| 000 | 00684nam a2200217 i 4500 | ||
|---|---|---|---|
| 001 | 186828 | ||
| 003 | SpMaBN | ||
| 005 | 20250824055550.0 | ||
| 008 | 170220s1975 sp |||| | spa d | ||
| 020 | _a84-238-1096-8 | ||
| 080 | _a821.134.2-2"19" | ||
| 100 | 1 |
_aMartín Elizondo, José. _9146573 |
|
| 245 | 1 | 0 |
_aActos experimentales. _nIII / _cpor Martín Elizondo. |
| 260 |
_a[Madrid] : _bEscelicer, _c[1975] |
||
| 300 |
_a93 p. ; _c16 cm. |
||
| 490 | 1 |
_aColección teatro ; _v775 |
|
| 505 | 8 |
_aContiene: ; _tPavana para una infanta difunta ; _tPinacoteca |
|
| 830 | 0 | 0 |
_aColección teatro (Escelicer) _v775 _9183149 |
| 852 |
_aES-MaACL _j2335-F-4 |
||
| 999 |
_c186828 _d186828 |
||